Power systems-I / (Record no. 142981)
[ view plain ]
| 000 -LEADER | |
|---|---|
| fixed length control field | 00698nam a22002057a 4500 |
| 005 - DATE AND TIME OF LATEST TRANSACTION | |
| control field | 20170731095655.0 |
| 010 ## - LCCN (DPL NO) | |
| LC control number | ENG-119466 |
| 020 ## - INTERNATIONAL STANDARD BOOK NUMBER | |
| Terms of availability | 90.00 |
| 035 ## - SYSTEM CONTROL NUMBER | |
| System control number | EN-102998 |
| 037 ## - SOURCE OF ACQUISITION | |
| Source of stock number/acquisition | DBAD/PUB |
| 082 ## - DEWEY DECIMAL CLASSIFICATION NUMBER | |
| Classification number | 620.3191 |
| 100 ## - MAIN ENTRY--PERSONAL NAME | |
| Personal name | Siva Shankar,A. |
| 245 ## - TITLE STATEMENT | |
| Title | Power systems-I / |
| Remainder of title | for polytechnic E.E.E.-IV semester( Second year) / |
| Statement of responsibility, etc | by A. Siva Sankar [and] L. Ashok Raman |
| 260 ## - PUBLICATION, DISTRIBUTION, ETC. (IMPRINT) | |
| Place of publication, distribution, etc | Vijaywada |
| Name of publisher, distributor, etc | V.G.S. Book Links |
| Date of publication, distribution, etc | 2011 |
| 270 ## - ADDRESS | |
| Address | #5-6-59/3 Second floor Tammina KrishnaStrre,Behind Sairam Theatre, |
| City | Vijaywada |
| Postal code | 520009 |
| 300 ## - PHYSICAL DESCRIPTION | |
| Extent | Various pagings : |
| Dimensions | 25cm(pbk) |
| Other physical details | ill |
| 490 ## - SERIES STATEMENT | |
| Series statement | Techno Series |
| 700 ## - ADDED ENTRY--PERSONAL NAME | |
| Personal name | Ashok Raman, L. |
| 942 ## - ADDED ENTRY ELEMENTS (KOHA) | |
| Source of classification or shelving scheme | Dewey Decimal Classification |
| Item type | English Books |
| Classification part | 620.3191 |
| Call number suffix | SHI |
| Withdrawn status | Lost status | Not for loan | Collection code | Home library | Current library | Date acquired | Source of acquisition | Cost, normal purchase price | Full call number | Barcode | Copy number | Cost, replacement price | Koha item type |
|---|---|---|---|---|---|---|---|---|---|---|---|---|---|
| Not For Loan | Non-fiction | D.B.Act.Division | Bawana | 31/07/2017 | DBAD/PUB | 90.00 | 620.3191 SHI | EN-102998 | 1 | 90.00 | English Books |
